| 000 | 00526nam a22001937a 4500 | ||
|---|---|---|---|
| 003 | AAu | ||
| 005 | 20140310181734.0 | ||
| 008 | 130319t xxu||||| |||| 00| 0 eng d | ||
| 020 | _a0324374593 | ||
| 050 |
_aHF 5635 _b.W286 2007 |
||
| 082 |
_aTR 657 _bW25 2007 |
||
| 245 |
_aFinancial accounting _cWarren, Carl S. |
||
| 260 |
_a(Australia ; United States :) _bThomson/South-Western _c2007 |
||
| 300 |
_axxviii, 684, 21 p. _bill. _c28 cm. |
||
| 521 | _ateachers | ||
| 541 | _j1 | ||
| 562 | _e1 | ||
| 942 |
_2lcc _cBK-TR _kTR |
||
| 999 |
_c2512 _d2512 |
||